"Historia Carpato-Ruthenorum" Mychajla Lučkaja (1789-1843) prodovžennja druhoho tomu z poperedn'oho nomera NZ MUK T. 2., č. 2.

Podrobná bibliografia
Hlavný autor: Lučkaj, Michal, 1789-1843 (Autor)
Ďalší autori: Sak, Jurij Mychajlovyč, 1917-1998 (Autor komentára k textu, Prekladateľ)
Médium: Článok
Jazyk:ukrajinčina
latinčina
Predmet:

MARC

LEADER 00000nab a2200000 ar4500
001 vtls010112140
003 SK-MaSNL
005 20260319070722.0
008 100706c1988 xo ar|p|||| |000 c|ukr
015 |a SNBRA2010/06 
038 |a SVKPOCL 
040 |a SVKPO  |b slo  |c SVKPO  |e AACR2 
041 1 |a ukr  |a lat  |b ger  |b rus  |b slo 
044 |a xo  |c SK 
080 |a 80(=161.2)+908(477)  |2 2001 
080 |a 94(477)  |2 2001 
080 |a (439)  |2 2001 
080 |a (048.8)  |2 2001 
100 1 |a Lučkaj, Michal,  |d 1789-1843  |4 aut  |9 125397 
245 1 0 |a "Historia Carpato-Ruthenorum" Mychajla Lučkaja (1789-1843)  |b prodovžennja druhoho tomu z poperedn'oho nomera NZ MUK  |n T. 2., č. 2.  |c Jurij Sak 
246 3 1 |a Historia Carpato-Ruthenorum 
504 |a Bibliogr. odkazy 
546 |a Res. nem., rus., slo. 
648 7 |a 14.-18. stor.  |2 snkbucl  |9 289985 
650 0 7 |a ukrajinistika  |2 svkpocl  |9 51200 
650 0 7 |a dejiny  |z Ukrajina  |2 svkpocl  |9 684002 
651 7 |a Zakarpatská Ukrajina  |2 svkpocl  |9 55422 
651 7 |a Uhorsko  |2 svkpocl  |9 28673 
655 7 |a monografie  |2 svkpocl  |9 70139 
700 1 |a Sak, Jurij Mychajlovyč,  |d 1917-1998  |4 cwt  |4 trl  |9 479013 
773 0 |t Naukovyj zbirnyk Muzeju ukrajins'koji kul'tury u Svydnyku. 14. = Vedecký zborník Múzea ukrajinskej kultúry vo Svidníku. 14  |d Prešov : Slovenské pedagogické nakladateľstvo - odbor ukrajinskej literatúry, 1986  |g S. 93-259 
852 |a a SVKPO  |b KIS3GCP 
958 |a UK 
958 |a SK 
958 |a UA 
958 |a HU 
958 |a NB 
999 |c 1784212  |d 1786142